000 00968nam a22003137a 4500
001 0020192
003 KOHA_MİRAKIL
005 20260207002252.0
007 ta
008 100805b1998 tu |||gr||||#||||0|tur |
020 _a9755910409
_q(c.1)
040 _aTR-BiSEU
_btur
_cTR-BiSEU
_erda
041 0 _atur
044 _ctu
050 _aTA403
_b.A47 1998
100 1 _aAskeland, Donald R..
245 1 _aMalzeme bilimi ve mühendislik malzemeleri/
_cDonald R. Askeland ; Donald R. Askeland ; çev.: Mehmet Erdoğan.
264 1 _aAnkara :
_bNobel
_c1998
300 _a1 c., XII,364 s.;27 cm.
336 _ametin
_btxt
_2rdacontent
337 _aaracısız
_bn
_2rdamedia
338 _acilt
_bnc
_2rdacarrier
490 1 _aNobel Yayın No;62, mühendislik Dizisi;9
500 _aDizin var.
650 0 _aMalzeme bilim.
_932250
650 0 _aMaterials science.
_96141
830 1 _aNobel Yayın No;62, mühendislik Dizisi;9
_944462
942 _2lcc
_cBK
999 _c20149
_d20149